[Event "Commonwealth-ch"]
[Site "New Delhi"]
[Date "2007.12.09"]
[Round "9"]
[White "Prasanna Raghuram, Rao"]
[Black "Rawat, RS."]
[Result "0-1"]
[WhiteElo "2228"]
[BlackElo "2004"]
[PlyCount "65"]
[EventDate "2007.12.03"]
[EventType "swiss"]
[EventRounds "10"]
[EventCountry "IND"]
[SourceTitle "CBM 121 Extra"]
[Source "ChessBase"]
[SourceDate "2008.01.10"]
[SourceVersion "1"]
[SourceVersionDate "2008.01.10"]
[SourceQuality "1"]

1. e4 d5 2. exd5 Qxd5 3. Nc3 Qa5 4. d4 c6 5. Bd2 Qc7 6. Bc4 Nf6 7. Nf3 Bf5 8. Qe2 e6 9. 0-0 Bd6 10. Rfe1 0-0 11. Ne5 Nbd7 12. Bf4 Nd5 13. Bg3 Nxe5 14. Bxd5 exd5 15. dxe5 Bb4 16. Qd2 Qa5 17. a3 Bxc3 18. bxc3 Rfe8 19. h4 Qa4 20. Ra2 Re6 21. Rb1 Qc4 22. Rab2 b6 23. Rb4 Qc5 24. Bf4 Rae8 25. Re1 Qa5 26. Rb3 f6 27. c4 Qxd2 28. Bxd2 dxc4 29. Rc3 b5 30. a4 Rxe5 31. Be3 Re4 32. axb5 cxb5 33. Ra1 0-1